Social media in travel, tourism and hospitality: Theory, practice and cases (Record no. 16144)

MARC details
000 -LEADER
fixed length control field 00507nam a2200169Ia 4500
008 - FIXED-LENGTH DATA ELEMENTS--GENERAL INFORMATION
fixed length control field 230917s9999||||xx |||||||||||||| ||und||
020 ## - ISBN
Price GBP70
040 ## - CATALOGING SOURCE
-- 227095
Original cataloging agency VIVEKANANDA LIBRARY
041 ## - Language
-- English
082 ## - DDC NUMBER
Classification number 338.4791 S64S
100 ## - MAIN ENTRY--PERSONAL NAME
Personal name Sigala, Marianna, ed.
245 #0 - TITLE STATEMENT
Title Social media in travel, tourism and hospitality: Theory, practice and cases
260 ## - PUBLICATION, DISTRIBUTION, ETC. (IMPRINT)
Place of publication, distribution, etc Burlington
Name of publisher, distributor, etc Ashgate Publishing
Date of publication, distribution, etc 2012
300 ## - PHYSICAL DESCRIPTION
Pages xxi, 316 p.
500 ## - GENERAL NOTE
General note 2127 24/09/2015 KB15/130 28/09/2015 Main Budget
942 ## - ADDED ENTRY ELEMENTS (KOHA)
Koha item type Books
Holdings
Withdrawn status Lost status Damaged status Not for loan Location (home branch) Sublocation or collection (holding branch) Shelving location Date acquired Koha issues (times borrowed) Koha full call number Accession No. Koha date last seen Koha item type
        VIVEKANANDA LIBRARY VIVEKANANDA LIBRARY IHTM Library 04/01/2016   338.4791 S64S 344305 17/09/2023 Books
© Designed and Maintained by Vivekananda Library, MDU Rohtak